Responses for show #4714 - Thursday, February 17, 2005

2005 Ultimate Tournament of Champions Round 1, game 7.

Contestants

Michael Arnone, a writer and editor from Alexandria, Virginia

Sahir Islam, an investment analyst from Somers, New York

Bev Schwartzberg, an adult literacy program coordinator from Santa Barbara, California

Jeopardy! Round responses

LIBROS EN ESPAƑOL
WE'VE GOT DESIGNS ON BROADWAY
GIVE AN "NCH"
THE VILLAGE
SIGNS
THE SIXTH SENSE
    $200 30
(Sahir: What is Adventure Island?)

Treasure Island

BevSahir
    $200 21
West Side Story

Sahir
    $200 20
a wrench

Bev
    $200 3
Boys Town

Michael
    $200 1
(Michael: What is Los Angeles?)
...
(Alex: Rodeo Drive, [*].)

Beverly Hills

BevMichael
    $200 9
Arabic

Sahir
    $400 29
The Call of the Wild

Michael
    $400 22
Tony Awards

Michael
    $400 6
a bench

Bev
    $400 4
Cooperstown

Michael
    $400 2
the French Quarter

Sahir
    $400 10
Saturn

Michael
    $600 28
Of Mice and Men

Sahir
    $600 25
(Michael: What is hair?)
(Alex: Hair? No...)
(Michael: What is hairstyle?)

wigs

SahirMichael
    $600 14
a trench

Sahir
    $600 15
Panmunjom

Michael
    $600 5
London

Sahir
    $600 11
a million

Sahir
    $800 27
The Prince and the Pauper

Bev
    $800 24
Art Nouveau

Bev
    $800 17
blanch

Sahir
    $800 16
Gorgonzola

Sahir
    $800 7
Little Rock (Arkansas)

Michael
    $800 12
a siesta

Sahir
    $1000 26
The Lost World

Michael
    $3,600 23
Peter Pan

Michael
    $1000 19
a conch

Sahir
    $1000 18
Cana

Michael
    $1000 8
(Alex: The kiwi, yes.)

New Zealand

Michael
    $1000 13
(Michael: What are his accusers?)
(Alex: Witnesses against him are accusers.)
[Originally ruled correct, reversed after first break]

witnesses against him

Michael
Triple Stumper

Scores at the first commercial break (after clue 13):

Bev Sahir Michael
$600 $2,600 $1,600

Scores at the end of the Jeopardy! Round:

Bev Sahir Michael
$2,600 $7,000 $8,000

Double Jeopardy! Round responses

OPERA
SHOW BUSINESS GROUPS
FRUIT
VICE PRESIDENTIAL VICE
BONDS... OTHER BONDS
"AA"
    $400 1
Julius Caesar

Triple Stumper
    $400 26
magicians

Triple Stumper
    $400 21
oranges

Bev
    $400 16
(Spiro) Agnew

Sahir
    $400 6
Barry Bonds

Sahir
    $400 11
Maalox

Michael
    $800 2
(Scott) Joplin

Sahir
    $800 27
the Hollywood Foreign Press Association

Sahir
    $800 22
(Michael: What is a pear?)

the banana

Michael
Triple Stumper
    $800 17
(Aaron) Burr

Bev
    $800 7
bricks

Bev
    $800 15
Gyllenhaal

Bev
    $1200 3
Aida

Sahir
    $1200 28
songwriters

Triple Stumper
    $1200 23
the plum

Triple Stumper
    $1200 18
(Ulysses S.) Grant

Sahir
    $1200 8
Of Human Bondage

Sahir
    $1200 14
salaam

Sahir
    $1600 4
Pinkerton

Sahir
    $1,500 29
(Jack) Valenti

Sahir
    $1600 24
(Michael: What is a cranberry?)

a currant

SahirMichael
    $1600 19
(Alex: The Checkers speech!)

(Richard) Nixon

Bev
    $1600 9
Julian Bond

Bev
    $1600 13
Transvaal

Sahir
    $2,000 5
(Alex: You now have a $2,600 lead. $10,600 is your total, and you're dying to say it, I know. "Make it a True Daily Double...")
(Sahir: Ah, let's do $2,000.)
(Alex: All right. No need to die this way.)
...
(Sahir: Who is Parsifal?)

Lohengrin

Sahir
    $2000 30
Nosotros

Bev
    $2000 25
a grapefruit

Triple Stumper
    $2000 20
Benjamin Harrison

Bev
    $2000 10
[ERRATUM: Hydrogen bonds are not covalent bonds.]

hydrogen bonds

Triple Stumper
    $2000 12
(Michael: Who is Aaron?)
...
(Alex: Who is [*]? [*] and his ass.)

Balaam

Michael
Triple Stumper

Scores at the end of the Double Jeopardy! Round:

Bev Sahir Michael
$12,600 $18,500 $4,000

[wagering suggestions for these scores]

Final Jeopardy! Round responses

AMERICAN WRITERS
(Alex: The Right Stuff, Look Homeward, Angel.)
MichaelWho is ?
$4,000
BevWho are John Smith
$891
SahirWho are
$7,000
Thomas Wolfe & Tom Wolfe

Final scores:

Bev Sahir Michael
$11,709 $11,500 $0
Winner: $15,000 + an advance to UToC Round 2 2nd place: $5,000 3rd place: $5,000

Game dynamics:

Coryat scores:

Bev Sahir Michael
$12,600 $20,600 $1,400
14 R,
0 W
24 R
(including 1 DD),
2 W
(including 1 DD)
12 R
(including 1 DD),
6 W

Combined Coryat: $34,600

The J! Archive is created by fans, for fans. The Jeopardy! game show and all elements thereof, including but not limited to copyright and trademark thereto, are the property of Jeopardy Productions, Inc. and are protected under law. This website is not affiliated with, sponsored by, or operated by Jeopardy Productions, Inc. Join the discussion at JBoard.tv.